Tre profili : (Record n. 3379)

Dettagli MARC
000 -LEADER
fixed length control field 00968nam a2200265 i 4500
003 - CONTROL NUMBER IDENTIFIER
control field IT-RoINE
005 - DATE AND TIME OF LATEST TRANSACTION
control field 20201119134301.0
008 - FIXED-LENGTH DATA ELEMENTS--GENERAL INFORMATION
fixed length control field 810424s1955 it |r 001 0cita d
040 ## - CATALOGING SOURCE
Original cataloging agency DLC
Transcribing agency NNU IT-RoINE
Modifying agency IT-RoINE
100 1# - MAIN ENTRY--PERSONAL NAME
Personal name Morelli, Emilia,
Dates associated with a name 1913-1995
9 (RLIN) 6804
245 00 - TITLE STATEMENT
Title Tre profili :
Remainder of title Benedetto XIV, Pasquale Stanislao Mancini, Pietro Roselli /
Statement of responsibility, etc Emilia Morelli.
260 ## - PUBLICATION, DISTRIBUTION, ETC. (IMPRINT)
Place of publication, distribution, etc Roma :
Name of publisher, distributor, etc Edizioni dell'Ateneo,
Date of publication, distribution, etc 1955.
300 ## - PHYSICAL DESCRIPTION
Extent 162 p. ;
Dimensions 25 cm.
336 ## - CONTENT TYPE
Source rdacontent
Content type term text
337 ## - MEDIA TYPE
Source rdamedia
Media type term unmediated
338 ## - CARRIER TYPE
Source rdacarrier
Carrier type term volume
490 10 - SERIES STATEMENT
Series statement Quaderni del Risorgimento ;
Volume number/sequential designation 9
500 ## - GENERAL NOTE
General note Incluye índice.
504 ## - BIBLIOGRAPHY, ETC. NOTE
Bibliography, etc Incluye referencias bibliográficas en notas.
600 00 - SUBJECT ADDED ENTRY--PERSONAL NAME
Personal name Benedicto
Numeration XIV,
Titles and other words associated with a name Papa,
Dates associated with a name 1675-1758
General subdivision Biografía
9 (RLIN) 6805
600 10 - SUBJECT ADDED ENTRY--PERSONAL NAME
Personal name Mancini, Pasquale Stanislao,
Dates associated with a name 1817-1888
General subdivision Biografía
9 (RLIN) 6806
600 10 - SUBJECT ADDED ENTRY--PERSONAL NAME
Personal name Roselli, Pietro,
Dates associated with a name 1808-1885
General subdivision Biografía
9 (RLIN) 6807
830 #0 - SERIES ADDED ENTRY--UNIFORM TITLE
Uniform title Quaderni del Risorgimento ;
9 (RLIN) 6808
Volume number/sequential designation 9
942 ## - ADDED ENTRY ELEMENTS (KOHA)
Item type Monografías
Dati di copia
Withdrawn status Lost status Damaged status Not for loan Home library Current library Date acquired Total Checkouts Full call number Barcode Date last seen Price effective from Koha item type
        Iglesia Nacional Española en Roma Iglesia Nacional Española en Roma 29/04/2014   BIO 1375 3838 29/04/2014 29/04/2014 Monografías